| 000 | 00695nam a2200229 u 4500 | ||
|---|---|---|---|
| 005 | 20210223132549.0 | ||
| 008 | 150225s1995 r 000 0 eng d | ||
| 020 | _a950724459X | ||
| 035 | _aUPN01000202096 | ||
| 049 | _aI | ||
| 050 | 4 |
_aGB662.3 _bC3.6 |
|
| 100 | 1 |
_aCamacho, Sandra V. _937033 |
|
| 245 | 1 | 1 |
_a¿Planeta agua? / _cSandra V. Camacho, Marina Vázquez Freire ; il. Mía Resta. |
| 260 |
_aBuenos Aires : _bLumen, _c1995. |
||
| 300 |
_a32 p. : _bil. col. |
||
| 440 | 3 | _aEl club de los científicos | |
| 650 | 4 |
_aAGUA - _vLITERATURA INFANTIL _922057 |
|
| 650 | 4 |
_aAGUA - _xCONSUMO _91025 |
|
| 700 | 1 |
_aVázquez Freire, Marina, _ecoaut. |
|
| 905 | _aInfantil | ||
| 999 |
_c174197 _d174197 |
||